Statistics for Can you Identify the Highlighted Languages on the World Map? #2

Click here to take the quiz!

General Stats

  • This quiz has been taken 6,859 times
  • The average score is 9 of 18

Answers on the Map

Answers color-coded by a green-red scale on the quiz's map according to % correct below.
 

Answer Stats

Answer% Correct
Next week, I will play the accordion at the concert in Vienna.
95%
Na próxima semana tocarei acordeão no concerto em Viena.
79%
Nästa vecka ska jag spela dragspel på konserten i Wien.
68%
Tuần tới tôi sẽ chơi đàn accordion tại buổi hòa nhạc ở Vienna.
65%
Yr wythnos nesaf byddaf yn chwarae'r acordion yn y cyngerdd yn Fienna.
64%
Volgende week speel ek trekklavier by die konsert in Wene.
61%
Příští týden budu hrát na akordeon na koncertě ve Vídni.
55%
Jövő héten a bécsi koncerten harmonikán fogok játszani.
54%
Tin epómeni evdomáda tha paíxo akornteón sti synavlía sti Viénni.
54%
Săptămâna viitoare voi cânta la acordeon la concertul de la Viena.
53%
Hei te wiki e tu mai ne ka purei ahau i te accordion i te konohete i Vienna.
41%
Sa susunod na linggo ay tutugtog ako ng akurdyon sa konsiyerto sa Vienna.
36%
Arkō haptā ma bhiyanāmā kansarṭamā ēkarḍiyan bajā'unēchu.
33%
Amin'ny herinandro manaraka dia hilalao ni akorandriaka aho amin'ny kafampisehoana any Vienne.
32%
Il-ġimgħa d-dieħla se ndoqq l-accordion fil-kunċert fi Vjenna.
32%
Irekh doloo khonogt bi Vyena khotod bolokh kontsyertondoo bayan khuur toglono.
30%
Toddobaadka soo socda waxaan ku ciyaari doonaa accordion riwaayadda bandhiga Vienna.
30%
Vaccē vāraṁ nēnu viyannālō jarigē kacērīlō akārḍiyan vāyistānu..
24%

Score Distribution

Percentile by Number Answered

Percent of People with Each Score

Your Score History

You have not taken this quiz